00684nam a2200217Ia 4500003000900000008004100009040001300050040001300063041000800076100002800084245004400112250002200156260002500178260000900203300001100212300001000223490000600233942000700239999001700246952020300263IT-RoPAU120407s9999 xx 000 0 und d aIT-RoPAU cIT-RoPAU afra aClement Dillenschneider aLa Mariologie de S. Alphonse de Liguori aFribourg (Suisse) aStudia Friburgensia  c1931 a307 p. c23 cm v1 cBK c32092d32092 00102ddc406243_400000000000000_10971aPAULUSbPAULUSd2012-04-11l0o243.4.109r2012-04-11 00:00:00w2012-04-11yBKzInserito da: Mario In data: 06 agosto 2011 fondo: Via A.Severo 56 Progr:20141